Lewis and Clark and me : (Record no. 34928)
[ view plain ]
| 000 -LEADER | |
|---|---|
| fixed length control field | 01827cam a2200445 a 4500 |
| 001 - CONTROL NUMBER | |
| control field | 12171880 |
| 003 - CONTROL NUMBER IDENTIFIER | |
| control field | OSt |
| 005 - DATE AND TIME OF LATEST TRANSACTION | |
| control field | 20140310184514.0 |
| 008 - FIXED-LENGTH DATA ELEMENTS--GENERAL INFORMATION | |
| fixed length control field | 000913s2002 nyua c b 000 1 eng |
| 010 ## - LIBRARY OF CONGRESS CONTROL NUMBER | |
| LC control number | 00047298 |
| 020 ## - INTERNATIONAL STANDARD BOOK NUMBER | |
| International Standard Book Number | 0805063684 (hc : alk. paper) |
| 040 ## - CATALOGING SOURCE | |
| Original cataloging agency | DLC |
| Transcribing agency | DLC |
| Modifying agency | DLC |
| 042 ## - AUTHENTICATION CODE | |
| Authentication code | lcac |
| 050 00 - LIBRARY OF CONGRESS CALL NUMBER | |
| Classification number | PZ 7 |
| Item number | .M9873 2002 |
| 100 1# - MAIN ENTRY--PERSONAL NAME | |
| Personal name | Myers, Laurie. |
| 9 (RLIN) | 23285 |
| 245 10 - TITLE STATEMENT | |
| Title | Lewis and Clark and me : |
| Remainder of title | a dog's tale / |
| Statement of responsibility, etc | Laurie Myers ; illustrations by Michael Dooling. |
| 250 ## - EDITION STATEMENT | |
| Edition statement | 1st ed. |
| 260 ## - PUBLICATION, DISTRIBUTION, ETC. (IMPRINT) | |
| Place of publication, distribution, etc | New York : |
| Name of publisher, distributor, etc | Henry Holt & Co., |
| Date of publication, distribution, etc | 2002. |
| 300 ## - PHYSICAL DESCRIPTION | |
| Extent | 64 p. : |
| Other physical details | col. ill. ; |
| Dimensions | 24 cm. |
| 521 ## - TARGET AUDIENCE NOTE | |
| Target audience note | |
| 526 ## - STUDY PROGRAM INFORMATION NOTE | |
| Reading level | 470 |
| 541 ## - IMMEDIATE SOURCE OF ACQUISITION NOTE | |
| -- | 1 |
| 600 10 - SUBJECT ADDED ENTRY--PERSONAL NAME | |
| Personal name | Lewis, Meriwether, |
| Dates associated with a name | 1774-1809 |
| Form subdivision | Juvenile fiction. |
| 9 (RLIN) | 29330 |
| 600 10 - SUBJECT ADDED ENTRY--PERSONAL NAME | |
| Personal name | Clark, William, |
| Dates associated with a name | 1770-1838 |
| Form subdivision | Juvenile fiction. |
| 9 (RLIN) | 29331 |
| 600 11 - SUBJECT ADDED ENTRY--PERSONAL NAME | |
| Personal name | Lewis, Meriwether, |
| Dates associated with a name | 1774-1809 |
| Form subdivision | Fiction. |
| 9 (RLIN) | 29332 |
| 600 11 - SUBJECT ADDED ENTRY--PERSONAL NAME | |
| Personal name | Clark, William, |
| Dates associated with a name | 1770-1838 |
| Form subdivision | Fiction. |
| 9 (RLIN) | 29333 |
| 611 20 - SUBJECT ADDED ENTRY--MEETING NAME | |
| Meeting name or jurisdiction name as entry element | Lewis and Clark Expedition (1804-1806) |
| Form subdivision | Juvenile fiction. |
| 9 (RLIN) | 29334 |
| 611 21 - SUBJECT ADDED ENTRY--MEETING NAME | |
| Meeting name or jurisdiction name as entry element | Lewis and Clark Expedition (1804-1806) |
| Form subdivision | Fiction. |
| 9 (RLIN) | 29335 |
| 650 #0 - SUBJECT ADDED ENTRY--TOPICAL TERM | |
| Topical term or geographic name as entry element | Seaman (Dog) |
| Form subdivision | Juvenile fiction. |
| 9 (RLIN) | 29336 |
| 650 #1 - SUBJECT ADDED ENTRY--TOPICAL TERM | |
| Topical term or geographic name as entry element | Seaman (Dog) |
| Form subdivision | Fiction. |
| 9 (RLIN) | 29337 |
| 650 #1 - SUBJECT ADDED ENTRY--TOPICAL TERM | |
| Topical term or geographic name as entry element | Dogs |
| Form subdivision | Fiction. |
| 9 (RLIN) | 29338 |
| 650 #1 - SUBJECT ADDED ENTRY--TOPICAL TERM | |
| Topical term or geographic name as entry element | Newfoundland dog |
| Form subdivision | Fiction. |
| 9 (RLIN) | 29339 |
| 700 1# - ADDED ENTRY--PERSONAL NAME | |
| Personal name | Dooling, Michael, |
| Relator term | ill. |
| 9 (RLIN) | 29340 |
| 856 42 - ELECTRONIC LOCATION AND ACCESS | |
| Materials specified | Publisher description |
| Uniform Resource Identifier | <a href="http://www.loc.gov/catdir/description/hol031/00047298.html">http://www.loc.gov/catdir/description/hol031/00047298.html</a> |
| 856 42 - ELECTRONIC LOCATION AND ACCESS | |
| Materials specified | Contributor biographical information |
| Uniform Resource Identifier | <a href="http://www.loc.gov/catdir/enhancements/fy0610/00047298-b.html">http://www.loc.gov/catdir/enhancements/fy0610/00047298-b.html</a> |
| 906 ## - LOCAL DATA ELEMENT F, LDF (RLIN) | |
| a | 7 |
| b | cbc |
| c | orignew |
| d | 1 |
| e | ocip |
| f | 20 |
| g | y-gencatlg |
| 942 ## - ADDED ENTRY ELEMENTS (KOHA) | |
| Source of classification or shelving scheme | Library of Congress Classification |
| Koha item type | |
| Withdrawn status | Lost status | Source of classification or shelving scheme | Damaged status | Home library | Current library | Shelving location | Date acquired | Total Checkouts | Full call number | Barcode | Date last seen | Copy number | Price effective from | Koha item type |
|---|---|---|---|---|---|---|---|---|---|---|---|---|---|---|
| Library of Congress Classification | Luxembourg Library | Luxembourg Library | Scholastic Reading Center Section | 10/16/2013 | PZ 7 .M9873 2002 | SCHO0201 | 04/18/2017 | 1 | 10/16/2013 | Books |